Face Your Fears Quiz Stats

 Plays Quiz Updated Nov 10, 2014

Score 0/30 Timer 07:00
0 Plays Today
Phobia Fear of... % Correct
Arachnophobiaspiders
95.7%
Insectophobiainsects
92.4%
Zoophobiaanimals
89.4%
Claustrophobiaconfined spaces
85%
Necrophobiadeath or the dead
82.9%
Pyrophobiafire
79.6%
Acrophobiaheights
67.9%
Agoraphobiaopen spaces
63.5%
Wiccaphobiawitches
61.9%
Carcinophobiacancer
56.5%
Testophobiataking tests
52.1%
Dementophobiainsanity
51.3%
TheophobiaGod
44.8%
HadephobiaHell
44.5%
Panophobiaeverything
35.2%
Phobia Fear of... % Correct
Autophobiabeing alone
30.2%
Ecclesiophobiachurch
27%
Coulrophobiaclowns
26.1%
Achluophobiadarkness
25.2%
Glossophobiapublic speaking
22.4%
Sesquipedalophobialong words
19%
Ochlophobiacrowds or mobs
18.6%
Brontophobiathunder and lightning
15.4%
ParaskavedekatriaphobiaFriday the 13th
11%
Muriphobiamice
10.8%
Agliophobiapain
9.8%
Selachophobiasharks
9.6%
Iophobiapoison
8.1%
Kakorrhaphiophobiafailure
6.9%
Lilapsophobiatornadoes or hurricanes
6%

You're not logged in!

Compare scores with friends on all Sporcle quizzes.
OR
Log In

Show Comments

Extras

Top Quizzes Today


Score Distribution

Your Account Isn't Verified!

In order to create a playlist on Sporcle, you need to verify the email address you used during registration. Go to your Sporcle Settings to finish the process.

Report this User

Report this user for behavior that violates our Community Guidelines.

Details: